000 00724nam a2200265Ia 4500
005 20260302115108.0
008 008 260114s9999 xx 000 0 eng d
020 _a9781350493391
037 _aTextbook
040 _aCRL
040 _beng
040 _cCRL
041 _2eng
041 _aeng
084 _qCRL
100 _aWilliam Hutchings
_91120682
245 0 _aLiving Fiction Reading the British Novel from Daniel Defoe to Julian Barnes
260 _bBloomsbury
260 _bBloomsbury Academic
260 _c2014
650 _aLiterary Studies
856 _uhttps://doi.org/10.1007/978-1-137-29835-5?locatt=label:secondary_bloomsburyCollections
942 _cEBOOK
999 _c1684942
_d1684942